000 00508cam a2200193ua 4500
041 _aeng
_h
082 _a516.6
_bLOW/TE
100 _aLow, David Allan .
245 _aText book on practical solid or descriptive geometry, Part 2 /
_cDavid Allan Low.
_hTextual Documents
250 _a1 /
_b.
260 _aLondon :
_bLongman Green and Co ,
_c1963.
300 _a126 ; .
504 _a
942 _cBK
999 _c9744
_d9744